000 00315nam a2200121Ia 4500
008 190216s9999||||xx |||||||||||||| ||und||
100 _aDas Gupta And Prasad
245 0 _aKing`S Indian Society And Social Instituitions
260 _bKing`S Books Delhi
_c2000
300 _a352p
650 _aEconomics
942 _cBK
999 _c10496
_d10496